00520nam a2200169Ia 450000500170000000800410001702000180005808200130007610000150008924500200010426000400012430000130016450000530017794200060023095200990023699900150033520250703005532.0240331s9999 xx 000 0 und d a9789558884454 bCOOa581 aCooray.K.N 0aManawa himikam  aMirigamabBlessing Publishersc2007 a200 p. , aHuman Rights - History expansion & Organization cL 001040708LaWERCLbWERCLcSSCd2024-03-31l0o 581.012 COOp6319r2024-03-31w2024-03-31yL c5063d5063